Cliquez sur les Pays qui forment cette frontière - Statistiques

Statistiques générales
  • Ce quiz a été pris 67 fois
  • Le résultat moyen est 5 sur 12
Statistiques - réponses
Hint Réponse % Correct
Allemagne/France
82%
Botswana/Namibie
61%
Inde/Népal
51%
Belgique/Pays-Bas
49%
Guatemala/Mexique
49%
Irlande/Royaume-Uni
49%
États-Unis/Mexique
47%
Arabie Saoudite/Jordanie
37%
Équateur/Pérou
37%
Burkina Faso/Ghana
33%
Argentine/Bolivie
22%
Indonésie/Malaisie
18%
Aucun quiz correspondant
Distribution des résultats
% des personnes avec chaque résultat
Percentile par nombre de réponses
Votre historique - résultats
Vous n’avez pas pris ce quiz